Landen met de langste grenzen - Statistieken

Algemene statistieken
  • Deze quiz is 260 keer genomen
  • De gemiddelde score is 15 van 20
Antwoordstatistieken
Km Land % Correct
20.017 Rusland
99%
22.147 China
97%
8.893 Canada
95%
14.103 India
95%
14.691 Brazilië
94%
12.034 Verenigde Staten
94%
9.665 Argentinië
87%
6.171 Chili
81%
10.730 Congo-Kinshasa
81%
12.012 Kazachstan
81%
8.220 Mongolië
80%
6.470 Algerije
69%
6.764 Soedan
65%
7.243 Mali
62%
6.774 Pakistan
62%
5.968 Tsjaad
56%
6.743 Bolivia
43%
6.004 Colombia
43%
6.221 Oezbekistan
37%
5.876 Myanmar
31%
Geen overeenkomende quizzen gevonden
Scoreverdeling
Procent van Mensen met Elke Score
Percentiel versus Aantal Correcte Antwoorden
Uw Scoregeschiedenis
U heeft deze quiz nog niet genomen